Sexualmörder: eine erklärende Erzählung
| Main Author: | |
|---|---|
| Format: | Print Book |
| Language: | German |
| Published: |
Bonn
Ed. Das Narrenschiff im Psychiatrie-Verlag
1997
|
| In: | Year: 1997 |
| Online Access: |
Table of Contents Table of Contents |
| Availability in Tübingen: | Present in Tübingen. IFK: E X 103 |
| Check availability: | HBZ Gateway |
| Subito Delivery Service: | Order now. |
| Keywords: |
MARC
| LEADER | 00000cam a2200000 c 4500 | ||
|---|---|---|---|
| 001 | 231309678 | ||
| 003 | DE-627 | ||
| 005 | 20260206202206.0 | ||
| 007 | tu | ||
| 008 | 970729s1997 gw ||||| 00| ||ger c | ||
| 015 | |a 97,N32,0504 |2 dnb | ||
| 015 | |a 97,A49,0196 |2 dnb | ||
| 016 | 7 | |a 950478709 |2 DE-101 | |
| 020 | |a 3884142844 |c : DM 44.00 (Pp.) |9 3-88414-284-4 | ||
| 035 | |a (DE-627)231309678 | ||
| 035 | |a (DE-603)055607667 | ||
| 035 | |a (DE-576)062751409 | ||
| 035 | |a (DE-599)DNB950478709 | ||
| 035 | |a (OCoLC)612042185 | ||
| 035 | |a (OCoLC)44611575 | ||
| 040 | |a DE-627 |b ger |c DE-627 |e rakwb | ||
| 041 | |a ger | ||
| 044 | |c XA-DE | ||
| 050 | 0 | |a BF692 | |
| 060 | 0 | |a BF 692 | |
| 084 | |a 11 |a 33 |a 19 |2 sdnb | ||
| 084 | |a YH 8528 |2 rvk |0 (DE-625)rvk/153589:12934 | ||
| 084 | |a PH 8720 |2 rvk |0 (DE-625)rvk/136516: | ||
| 084 | |a YH 8500 |2 rvk |0 (DE-625)rvk/153589:12905 | ||
| 084 | |a XL 3028 |2 rvk |0 (DE-625)rvk/153041:12934 | ||
| 084 | |a 71.25 |2 bkl | ||
| 084 | |a 44.72 |2 bkl | ||
| 084 | |a 71.67 |2 bkl | ||
| 084 | |a 44.74 |2 bkl | ||
| 100 | 1 | |a Marneros, Andreas |d 1946- |0 (DE-588)115391150 |0 (DE-627)077218108 |0 (DE-576)166029912 |4 aut | |
| 109 | |a Marneros, Andreas 1946- |a Marneros, A. 1946- | ||
| 245 | 1 | 0 | |a Sexualmörder |b eine erklärende Erzählung |c von Andreas Marneros |
| 263 | |a Pp. : DM 44.00 | ||
| 264 | 1 | |a Bonn |b Ed. Das Narrenschiff im Psychiatrie-Verlag |c 1997 | |
| 300 | |a 288 S |c 22 cm | ||
| 336 | |a Text |b txt |2 rdacontent | ||
| 337 | |a ohne Hilfsmittel zu benutzen |b n |2 rdamedia | ||
| 338 | |a Band |b nc |2 rdacarrier | ||
| 490 | 0 | |a Edition Das Narrenschiff | |
| 500 | |a Literaturverz. S. [283] - 287 | ||
| 583 | 1 | |a Archivierung prüfen |c 20240324 |f DE-4165 |z 3 |2 pdager | |
| 650 | 2 | |a Criminal Psychology | |
| 650 | 2 | |a Homicide |x psychology | |
| 650 | 2 | |a Paraphilias |x psychology | |
| 650 | 2 | |a Sex Offenses |x psychology | |
| 650 | 0 | 7 | |0 (DE-588)4181111-2 |0 (DE-627)105320706 |0 (DE-576)210002565 |a Sexualmord |2 gnd |
| 650 | 0 | 7 | |0 (DE-588)4186096-2 |0 (DE-627)105282189 |0 (DE-576)210036931 |a Triebtäter |2 gnd |
| 650 | 0 | 7 | |0 (DE-588)4173876-7 |0 (DE-627)104160799 |0 (DE-576)209953284 |a Persönlichkeitstyp |2 gnd |
| 655 | 4 | |a Fallstudie | |
| 655 | 7 | |a Fallstudiensammlung |0 (DE-588)4522595-3 |0 (DE-627)251636593 |0 (DE-576)213309580 |2 gnd-content | |
| 689 | 0 | 0 | |d s |0 (DE-588)4181111-2 |0 (DE-627)105320706 |0 (DE-576)210002565 |a Sexualmord |2 gnd |
| 689 | 0 | 1 | |d s |0 (DE-588)4186096-2 |0 (DE-627)105282189 |0 (DE-576)210036931 |a Triebtäter |2 gnd |
| 689 | 0 | 2 | |d s |0 (DE-588)4173876-7 |0 (DE-627)104160799 |0 (DE-576)209953284 |a Persönlichkeitstyp |2 gnd |
| 689 | 0 | |5 DE-101 | |
| 856 | 4 | 2 | |u http://www.gbv.de/dms/hbz/toc/ht007804695.pdf |m V:DE-605 |q pdf/application |v 2008-11-15 |x Verlag |y Inhaltsverzeichnis |3 Inhaltsverzeichnis |7 1 |
| 856 | 4 | 2 | |u https://scans.hebis.de/HEBCGI/show.pl?05560766_toc.pdf |m V:DE-605 |q application/pdf |3 Inhaltsverzeichnis |7 1 |
| 935 | |i Blocktest | ||
| 936 | r | v | |a YH 8528 |b Fallstudien |k Medizin |k Psychiatrie, Medizinische Psychologie |k Spezielle Psychiatrie |k Gerichtliche Psychiatrie |k Sexualstörungen |k Sexualstörungen |k A. Formalschlüssel |k Allgemeine Literatur zu einem Hauptgebiet |k Fallstudien |0 (DE-627)1277502188 |0 (DE-625)rvk/153589:12934 |0 (DE-576)207502188 |
| 936 | r | v | |a PH 8720 |b Mord; Totschlag; Körperverletzung im Allgemeinen |k Rechtswissenschaft |k Strafrecht, Strafverfahrensrecht, Kriminologie |k Kriminologie |k Einzelne Deliktsgruppen |k Gewaltkriminalität, Gewaltdelikt |k Mord; Totschlag; Körperverletzung im Allgemeinen |0 (DE-627)1272237931 |0 (DE-625)rvk/136516: |0 (DE-576)202237931 |
| 936 | r | v | |a YH 8500 |b Allgemeines |k Medizin |k Psychiatrie, Medizinische Psychologie |k Spezielle Psychiatrie |k Gerichtliche Psychiatrie |k Sexualstörungen |k Sexualstörungen |k Allgemeines |0 (DE-627)1271714396 |0 (DE-625)rvk/153589:12905 |0 (DE-576)201714396 |
| 936 | r | v | |a XL 3028 |b Fallstudien |k Medizin |k Rechtsmedizin |k Allgemeine Rechtsmedizin |k Tod und Körperschäden durch äußere Einwirkungen |k Tod und Körperschäden durch äußere Einwirkungen |k A. Formalschlüssel |k Allgemeine Literatur zu einem Hauptgebiet |k Fallstudien |0 (DE-627)1272108430 |0 (DE-625)rvk/153041:12934 |0 (DE-576)202108430 |
| 936 | b | k | |a 71.25 |j Sexualität |x Soziologie |0 (DE-627)106409050 |
| 936 | b | k | |a 44.72 |j Rechtsmedizin |q coli-conc RVK->BK |q https://coli-conc.gbv.de/api/mappings/d415aba4-14c2-4a9c-822a-1a589787545d |0 (DE-627)106409476 |
| 936 | b | k | |a 71.67 |j Sexualität als soziales Problem |0 (DE-627)106412205 |
| 936 | b | k | |a 44.74 |j Sexualmedizin |0 (DE-627)106407945 |
| 936 | s | n | |a w200 |2 mzub |
| 936 | s | n | |a c200 |2 mzub |
| 936 | s | n | |a p100 |2 mzub |
| 951 | |a BO | ||
| ELC | |b 1 | ||
| LOK | |0 000 xxxxxcx a22 zn 4500 | ||
| LOK | |0 001 3220018238 | ||
| LOK | |0 003 DE-627 | ||
| LOK | |0 004 231309678 | ||
| LOK | |0 005 20170810143040 | ||
| LOK | |0 008 980218||||||||||||||||ger||||||| | ||
| LOK | |0 040 |a DE-21-110 |c DE-627 |d DE-21-110 | ||
| LOK | |0 689 |a s |a Sexualdelikte | ||
| LOK | |0 689 |a s |a Sexualstraftäter | ||
| LOK | |0 689 |a s |a Opfer | ||
| LOK | |0 689 |a s |a Schuldfähigkeit | ||
| LOK | |0 689 |a s |a Persönlichkeit | ||
| LOK | |0 689 |a s |a Maßregelvollzug | ||
| LOK | |0 689 |a s |a Lebenslange Freiheitsstrafe | ||
| LOK | |0 689 |a s |a Sicherungsverwahrung | ||
| LOK | |0 852 |a DE-21-110 | ||
| LOK | |0 852 1 |c E X 103 |m p |9 00 | ||
| LOK | |0 935 |a k110 | ||
| LOK | |0 936ln |a 10.10.3 | ||
| LOK | |0 938 |k p | ||
| LOK | |0 939 |a 18-02-98 |b l01 | ||
| ORI | |a SA-MARC-krimdoka001.raw | ||
| SIG | |a IFK: E X 103 | ||
